00420nam a2200133Ia 4500008004100000082001400041100002000055245005800075260002000133600001200153942000700165952009700172999001700269241002s9999 xx 000 0 und d a923.2 FRA aFrankland, Mark 0aPolitical Leaders of the Twentieth Century Khrushchev aNew York:c1966 aHistory cUC 00104070aUITUbUITUd1994-01-01l0o923.2 FRApUC166r2024-10-02 09:31:10w2024-10-02yUC c18493d18493